Értelmiség és diktatúra a közéletiség igénye Oszip Mandelstam költészetében /
Elmentve itt :
| Szerző: | |
|---|---|
| Dokumentumtípus: | Könyv része |
| Megjelent: |
1994
|
| Sorozat: | Szegedi bölcsészfüzetek
5 Az igazságnak ragyognia kellene : értelmiség és közélet 5 |
| Kulcsszavak: | Osip Èmil'evič Mandel'štam, Orosz irodalom - költészet - 20. sz. |
| Tárgyszavak: | |
| Online Access: | http://acta.bibl.u-szeged.hu/45508 |
| LEADER | 00896naa a2200229 i 4500 | ||
|---|---|---|---|
| 001 | acta45508 | ||
| 005 | 20220121151927.0 | ||
| 008 | 170428s1994 hu o 0|| hun d | ||
| 020 | |a 963 481 983 4 | ||
| 022 | |a 1215-2870 | ||
| 040 | |a SZTE Egyetemi Kiadványok Repozitórium |b hun | ||
| 041 | |a hun | ||
| 100 | 1 | |a Szalma Natália | |
| 245 | 1 | 0 | |a Értelmiség és diktatúra |h [elektronikus dokumentum] : |b a közéletiség igénye Oszip Mandelstam költészetében / |c Szalma Natália |
| 260 | |c 1994 | ||
| 300 | |a 122-127 | ||
| 490 | 0 | |a Szegedi bölcsészfüzetek |v 5 | |
| 490 | 0 | |a Az igazságnak ragyognia kellene : értelmiség és közélet |v 5 | |
| 650 | 4 | |a Bölcsészettudományok | |
| 650 | 4 | |a Nyelvek és irodalom | |
| 695 | |a Osip Èmil'evič Mandel'štam, Orosz irodalom - költészet - 20. sz. | ||
| 856 | 4 | 0 | |u http://acta.bibl.u-szeged.hu/45508/1/bolcseszfuzetek_1994_122-127.pdf |z Dokumentum-elérés |